| 000 | 00603nam a22001937a 4500 | ||
|---|---|---|---|
| 001 | 00028447 | ||
| 005 | 20260304095525.0 | ||
| 008 | 260304b ag ||||| |||| 00| 0 spa d | ||
| 040 |
_aAR-CcCEOS _bspa _cAR-CcCEOS |
||
| 041 | _aspa | ||
| 080 | _a11(082) | ||
| 090 | _bPLA | ||
| 100 | 0 |
_aPlatón _9630 |
|
| 245 |
_aApología de socrates dialogos : _bcritón o del deber - ion o de la poesía fedro o de la belleza - filebo o del placer ... / _cPlatón |
||
| 264 |
_aBuenos Aires : _bEl Ateneo. |
||
| 300 |
_a782 p. ; _c19x13 cm. |
||
| 490 | _vColección Clásicos Inolvidables | ||
| 942 |
_2udc _cBK _n0 |
||
| 999 |
_c28473 _d28473 |
||